000 00566nam a2200217Ia 4500
005 20260429111903.0
008 260429s9999||||xx |||||||||||||| ||und||
020 _a9789390680832
041 _aEnglish
082 _a190
_bDEW
100 _aDewey, John
245 0 _aPhilosophy and civilization /
_cJohn Dewey
260 _aJaipur :
_bHilltop Publications,
_c2024.
300 _a334 p.; hb
650 _a Civilization
650 _a Cultural history
650 _a Intellectual history
650 _a Social thought
650 _aPhilosophy
942 _cTB
999 _c51281
_d51281